عرض عادي عرض مارك
  • Lewis, D. W.

مدخل إسم شخص

عدد التسجيلات المستخدمة في: 1

001 - رقم الضبط

  • حقل الضبط: 37990

003 - معرف رقم الضبط

  • حقل الضبط: OSt

005 - تاريخ ووقت أخر عملية

  • حقل الضبط: 20131017112937.0

008 - عناصر بيانات ثابتة الطول

  • حقل تحكم ثابت الطول: 131017|||a|||||| | ||| d

040 ## - مصدر الفهرسة

  • هيئة الفهرسة الأصلية: OSt
  • وكالة الكتابة: OSt

100 ## - مدخل -- أسم شخص

  • إسم شخص: Lewis, D. W.
  • تواريخ مرتبطة بالاسم: 1946-
  • الشكل الكامل للاسم: (Daniel Wesley),

670 ## - بيانات المصدر موجوده

  • الاستشهاد بالمصدر: Work cat.: (OSt): Lewis, D. W. 1946- (Daniel Wesley),, Fundamentals of embedded software with the ARM Cortex-M3 /, 2013.